| 000 | 02456cam a22005534i 4500 | ||
|---|---|---|---|
| 003 | PE-LiUPU | ||
| 005 | 20250731173036.0 | ||
| 008 | 030523s2003 kyu rb 000 0 eng | ||
| 020 | _a0664224598 | ||
| 020 | _a9780664224592 | ||
| 035 | _a(Sirsi) i9780664224592 | ||
| 035 |
_a(OCoLC)52348875 _z(OCoLC)54997364 _z(OCoLC)318942715 _z(OCoLC)975295703 _z(OCoLC)988485288 |
||
| 040 |
_aDLC _bspa _cDLC _dVOC _dBAKER _dNLGGC _dYDXCP _dBTCTA _dIG# _dP4I _dDEBBG _dSGE _dOCLCF _dOCLCO _dUBY _dMEAUC _dBDX _dOCLCQ _dPE-LiUPU _erda |
||
| 049 | _aPRUA | ||
| 050 | 0 | 0 |
_aBR563.N4 _bA364 2003 |
| 082 | 0 | 0 |
_a230.08996073 _bA2 _221 |
| 245 | 0 | 0 |
_aAfrican American religious thought : _ban anthology / _cCornel West, Eddie S. Glaude, Jr. |
| 250 | _aFirst edition. | ||
| 264 | 1 |
_aLouisville, Ky. : _bWestminster John Knox Press, _c2003. |
|
| 300 |
_axxvi, 1054 páginas ; _c23 centímetros |
||
| 336 |
_atext _2rdacontent |
||
| 337 |
_aunmediated _2rdamedia |
||
| 338 |
_avolume _2rdacarrie |
||
| 504 | _aBibliografía al final de cada tema. | ||
| 505 | 0 | _aPrehistory of African American religious studies -- Theorizing African American religion -- Slavery and a black religious imagination -- Black destiny and the end of the Nineteenth Century -- The interwar period: migration, urbanization, and black religious diversity -- Black religion and the 1960s -- Black theology and its critics -- African american religion and cultural criticism. | |
| 526 | _aSEG42 | ||
| 526 | _aSEG41 | ||
| 526 | _aSEG40 | ||
| 526 | _aSEG39 | ||
| 526 | _aP94 | ||
| 526 | _aP87 | ||
| 526 | _aP86 | ||
| 526 | _aP85 | ||
| 526 | _aP77 | ||
| 526 | _aP76 | ||
| 526 | _aP35 | ||
| 650 | 1 | 4 |
_aNegros _zAmerica _xReligión. |
| 650 | 2 | 4 |
_aAfroamericanos (pueblo) _xReligión _zEstados Unidos. |
| 650 | 2 | 4 |
_aAfroamericanos (pueblo) _xCristianismo _zEstados Unidos. |
| 700 | 1 |
_aGlaude, Eddie S., _cJr., _d1968-, _eeditor. |
|
| 700 | 1 |
_aWest, Cornel, _eeditor. |
|
| 910 |
_adbm _bebj _cebj _d20171211 |
||
| 942 |
_2ddc _cBOOK |
||
| 949 |
_a230.08996073 A2 _wDEWEY _c1 _i77241 _lCATALOGING _mBUL _p32.50 _r0 _sY _tBOOK _u2017-12-11 _xPOSGRADO _PP85 _0DONACION _o.STAFF. Colección Teología. |
||
| 994 |
_aC0 _bPEPRU |
||
| 596 | _a1 | ||
| 999 |
_a230.08996073 A2 _wDEWEY _c26085 _i77241 _f2021-11-9 _g4 _lCCODEBUL1 _mBUL _p32.50 _r0 _sY _tBOOK _u2017-12-11 _xTEOLOGIA _PP85 _0COMPRA _o.STAFF. Colección Teología _d26085 |
||
| 980 |
_81 _gALBERTO SANCHEZ Responsable de Automatización |
||